000 00753nam a2200265Ia 4500
001 Para_5372
003 CHAP
008 220125s1933 xx 000 0 und d
010 _a203888
040 _cCHAP
090 _aPA FOLLETO 2713
100 _aClausen, Curtis P
_9169855
245 _aThe citrus insects of tropical Asia /
_c by Curtis P. Clausen
260 _aWashington :
_b Department of Agriculture
300 _a36 p.
440 _aEUA. Dep. of Agri. Circular; 266
_9169856
650 _aCítricos
_x Plagas Cítricos
_x Asia
_9169857
901 _aPA FOLLETO 2713
902 _aA
905 _a0000001933 WAS 0000000000 00
910 _a1933
942 _cPARA
942 _cPARA
_d1
999 _c203888
_d203888